000
00320nam a22001217a 4500
008
180421b xxu||||| |||| 00| 0 eng d
041
_a
eng
080
_a
043.3
100
_a
0
101
_a
SHKI-BA
245
_a
Implementimi i CMS sistemit me Teknologjine PHP per menaxhimin e postimeve
_c
Klinaku, K
942
_2
udc
_c
BK
999
_c
45384
_d
45384